Ley de enjuiciamiento criminal de 14 de Setiembre de 1882
保存先:
| 第一著者: | |
|---|---|
| フォーマット: | 図書 |
| 言語: | スペイン語 |
| 出版事項: |
Madrid
Revista de Legislación
1883
|
| 主題: | |
| タグ: |
タグ追加
タグなし, このレコードへの初めてのタグを付けませんか!
|
MARC
| LEADER | 00000nam a2200000 a 4500 | ||
|---|---|---|---|
| 001 | UCS0458 | ||
| 003 | CL-VaPUC | ||
| 008 | 970426e18830000SP |||||||||||||||||spa|d | ||
| 082 | 0 | 4 | |a 347.05 |b REU |2 21 |
| 100 | 0 | |a Reus, Emilio |e author |9 383994 | |
| 245 | 1 | 0 | |a Ley de enjuiciamiento criminal de 14 de Setiembre de 1882 |
| 300 | |a 2 v | ||
| 942 | |c BK | ||
| 945 | |d 19970426 00:00:00 |a cmena | ||
| 260 | |a Madrid |b Revista de Legislación |c 1883 | ||
| 650 | 0 | |a Procedimiento penal |9 254974 | |
| 650 | 0 | |a Derecho procesal penal |9 256392 | |
| 650 | 7 | |a LEGISLACION |2 CL-VaPUC |9 383995 | |
| 650 | 0 | |a Jurisprudencia |9 255952 | |
| 650 | 0 | |a Delincuencia |9 335739 | |
| 651 | 0 | |a España |9 254926 | |
| 583 | |a last modification |c 19970426 00:00:00 |k Rodrigo Vera | ||
| 999 | |c 258686 |d 258684 | ||
| 952 | |0 0 |1 0 |4 0 |6 347_050000000000000_REU_1883 |7 0 |8 X |9 282952 |a BIBDER |b BIBDER |d 2019-11-19 |h v.1 |i 1837664 |o 347.05 REU 1883 |p 1837664 |r 2023-01-25 |w 2019-11-19 |y BK_X |k DER | ||
| 952 | |0 0 |1 0 |4 0 |6 347_050000000000000_REU_1883 |7 0 |8 X |9 282953 |a BIBDER |b BIBDER |d 2019-11-19 |h v.2 |i 1837672 |o 347.05 REU 1883 |p 1837672 |r 2023-01-25 |w 2019-11-19 |y BK_X |k DER | ||